000 00464nam a2200169Ia 4500
008 090711s9999 xx 000 0 und d
082 _b61146
100 _aरानडे जयंत
245 _aट्रिपल गेम
260 _c1988
300 _a184
600 _aरानडे जयंत
630 _aट्रिपल गेम
700 _aरानडे जयंत
730 _aट्रिपल गेम
942 _cBOOK
999 _c294238
_d294238